000 00699nam a2200265Ia 4500
008 160303s9999 xx 000 0 und d
020 _a9712714721
050 _aFIL HN 713.5
050 _b.D38 2002
100 _aDavid, Randolf S.
245 _aNation self and citizenship :
245 _ban invitation to Philippines sociology /
245 _cRandolf S. David.
260 _aPasig City:
260 _bAnvil Pub. Inc.
260 _c2002
300 _a368 pages :
300 _billustrations ;
300 _c23 cm.
500 _aIncludes index.
650 _aPhilippines --
650 _aPhilippines --
650 _xPolitics and government.
650 _xSocial conditions.
999 _c291295
_d291295